00406pab a2200145 454500008004000000100002100040245009000061260000900151300001600160362001100176650001400187650001100201650001400212773003400226180718b2003 xxu||||| |||| 00| 0 eng d aRaipuria, Kalyan aDynamics of inflation in services: consumers stuck with inefficiencies and high costs c2003 ap.2713-721. a28 Jun aConsumers aPrices aInflation aEconomic and Political Weekly